000
00297nam a2200145Ia 4500
100
_a
Whalen/ Ed.
942
_c
BK
654
_a
computer
245
_a
T.Y. Oracle 8 in 21 days
260
_b
Techmedia
_c
1998
082
_a
005.133'O'
_b
WHA
300
_a
604
546
_a
ENGLISH
999
_c
20298
_d
20298